Biblioteka Instytutu Północnego w Olsztynie

Widok standardowy Widok MARC

Pozycja Topical Term

Liczba rekordów, w których użyto hasła: 1

001 - Numer kontrolny

  • control field: 39985

003 - Identyfikator numeru kontrolnego

  • control field: NUKAT

005 - Data i czas ostatniej modyfikacji

  • control field: 20260414114730.0

008 - Dane kontrolne kodowane (40 znaków)

  • fixed length control field: 180528n||azznnbabn |a ana |

010 ## - Numer kontrolny Biblioteki Kongresu

  • numer kontrolny LC: p 2018145290

035 ## - Numer systemowy

  • numer systemowy: a37789144

035 ## - Numer systemowy

  • numer systemowy: (PL)a0000003778914

040 ## - Instytucja sporządzająca rekord

  • inst. przygot. dane do rek. khw: WA N
  • język haseł przedmiotowych/tezaurus: DBN
  • inst. wprow. rek. khw: WA N

072 ## - Kod kategorii przedmiotu

  • kod kategorii przedmiotu: 30

150 ## - Hasło - nazwa pospolita

  • nazwa posp. lub nazwa geogr. na pocz.: Mleczność

450 ## - Trop zob. - nazwa pospolita

  • nazwa posp. lub nazwa geogr. na pocz.: Wydajność mleczna

450 ## - Trop zob. - nazwa pospolita

  • nazwa posp. lub nazwa geogr. na pocz.: Użytkowość mleczna

550 ## - Trop zob. też - nazwa pospolita

  • nazwa posp. lub nazwa geogr. na pocz.: Chów zwierząt

550 ## - Trop zob. też - nazwa pospolita

  • nazwa posp. lub nazwa geogr. na pocz.: Dojenie

550 ## - Trop zob. też - nazwa pospolita

  • nazwa posp. lub nazwa geogr. na pocz.: Krowa mleczna

550 ## - Trop zob. też - nazwa pospolita

  • nazwa posp. lub nazwa geogr. na pocz.: Mleko

550 ## - Trop zob. też - nazwa pospolita

  • nazwa posp. lub nazwa geogr. na pocz.: Mleczarstwo

550 ## - Trop zob. też - nazwa pospolita

  • nazwa posp. lub nazwa geogr. na pocz.: Produkcja zwierzęca

550 ## - Trop zob. też - nazwa pospolita

  • nazwa posp. lub nazwa geogr. na pocz.: Zwierzęta gospodarskie
Biblioteka Instytutu Północnego, ul. Partyzantów 87, 10-402 Olsztyn, email: biblioteka(at)ip.olsztyn.pl